Normal view
MARC view
- أبو غدة، عبد الستار
Entry Personal Name
001 - CONTROL NUMBER
- control field: 13404
003 - CONTROL NUMBER IDENTIFIER
- control field: JO-AjAnu
005 - DATE AND TIME OF LATEST TRANSACTION
- control field: 20230606072438.0
008 - FIXED-LENGTH DATA ELEMENTS
- fixed length control field: 230606|| aca||aabn | a|a d
040 ## - CATALOGING SOURCE
- Original cataloging agency: JO-AjAnu
- Transcribing agency: JO-AjAnu
100 ## - HEADING--PERSONAL NAME
- Personal name: أبو غدة، عبد الستار
670 ## - SOURCE DATA FOUND
- Source citation: Work cat.: (JO-AjAnu)6897: أبو غدة، عبد الستار, author, رب زدني علما: منهجية العلم في الإسلام